Албена (Запис номер 296970)
[ съкратено ]
| 000 -Лидер | |
|---|---|
| Контролно поле с фиксирана дължина | 01280ncm a2200349 c 4500 |
| 003 - Код на организацията, давaща контролен номер | |
| Контролно поле | BLK |
| 005 - Дата и час на последна редакция | |
| Контролно поле | 20230802005127.0 |
| 008 - Елементи от данни с фиксирана дължина | |
| fixed length control field | 180414b bul |a|er|||| |0| c|bulo| |
| 010 ## - Наследен системен номер | |
| LC control number | NOT00000320000 |
| 040 ## - Източник на каталожния запис | |
| Идентификатор на билиотеката - собственик на записа | BLK |
| 041 ## - Код за език | |
| Код за езика на текст/звукозапис или на отделно заглавие | Български |
| Код за езика КДБФ | Български |
| 080 ## - УДК | |
| Текстов определител УДК | Опера. Музикална драма. Романтична опера. Опера-приказка |
| УДК код - определител по УДК | 782.1 |
| УДК определител | |
| УДК - код + определител | 782.1 |
| 139 ## - Редно поле | |
| Редна дума | Хаджиев, Парашкев Т. |
| Авторски знак | Хаджи - Х 15 |
| 245 10 - Сведения за заглавието | |
| Заглавие | Албена |
| Подзаглавни данни | Опера в 5 карт. |
| Редно поле (дума) | Парашкев Тодоров Хаджиев; либрето Петър Филчев; по Райчин Генков Генов. |
| 254 ## - Сведения за формата на нотното издание | |
| Формат на описваните ноти | Клавир |
| 257 ## - Страна на издаване | |
| Страна на създаване/издаване | България |
| 260 ## - Област на издателските данни | |
| -- | София |
| Име на издателя, разпространителя и проч. | Музика |
| Година на издаване | 1970 |
| 300 ## - Физическа характеристика | |
| Страници | 188 с. |
| Размери/Мащаб | 31 см |
| 380 ## - Жанр | |
| Жанр | Изкуство |
| 500 ## - Общи забележки | |
| Забележка | Текст на бълг. и нем. ез. |
| 650 #4 - Допълнително описание по предмет – тема | |
| Основно описание – тема или топоним | Опери |
| 9 (RLIN) | 165041 |
| 653 ## - Ключова дума – ненормативна | |
| Ключова дума | Опера |
| 653 ## - Ключова дума – ненормативна | |
| Ключова дума | клавири |
| 700 1# - Други автори (авторска отговорност) | |
| Лично име | Филчев, Петър |
| Автороска отговорност (Описва отношението между автора и произведението) | либрето |
| 9 (RLIN) | 376943 |
| 700 1# - Други автори (авторска отговорност) | |
| Лично име | Генов, Райчин Генков |
| Автороска отговорност (Описва отношението между автора и произведението) | по |
| 9 (RLIN) | 388653 |
| 852 ## - Местоположение | |
| Форматна сигнатура | Цб М ІІ 5078 |
| Част | 0 |
| 856 4# - Електронен адрес и достъп | |
| Електронен формат | pdf - файл |
| Път до файла /url/ | |
| 856 4# - Електронен адрес и достъп | |
| Електронен формат | pdf - файл |
| Път до файла /url/ | |
| 942 ## - АРТИКУЛИ | |
| Вид на библиотечния материал | Нотни издания |
| Скрит в OPAC | Не |
| Koha issues (borrowed), all copies | 1 |
| 944 ## - СЪЗДАВАНЕ И РЕДАКЦИЯ на ЗАПИСА | |
| Създаване/Редакция | Създаване |
| Дата на регистрацията/редакция | 21.11.2003 |
| Служител, извършил регистрацията/редакцията | |
| Статус, дата на статуса | CRON CRON |
| 944 ## - СЪЗДАВАНЕ И РЕДАКЦИЯ на ЗАПИСА | |
| Създаване/Редакция | Редакция |
| Дата на регистрацията/редакция | 27.02.2015 |
| Служител, извършил регистрацията/редакцията | Ирена_Линкова |
| 999 ## - СИСТЕМНИ КОНТРОЛНИ НОМЕРА | |
| Koha biblionumber | 296970 |
| Koha biblioitemnumber | 296970 |
| Код за отписване | Код за изгубен артикул | Източник на класификационната схема | Код за повреда | Коз за рестрикции | Код за отдаване | Артикулен № | Име на библиотеката - собственик | Име на библиотеката, в която се намира в момента | Статус (Текущо местоположение) | Дата на вписване в системата | Местоположение - отдел | Цена в лева | Инвентарен номер | Систематично азбучна сигнатура | Баркод | Номер на екземпляра | Цена в евро | Служебна бележка | Служебен тип на артикула |
|---|---|---|---|---|---|---|---|---|---|---|---|---|---|---|---|---|---|---|---|
| Не е изгубен | Universal Decimal Classification | Не е повреден | без рестрикции | ползва се в читалня | 647428 | Регионална библиотека "Любен Каравелов" Русе | Регионална библиотека "Любен Каравелов" Русе | Хранилище | 1970-01-01 | Основен фонд - ползва се само за читалня | 14.17 | 86001 | Цб М II 5078 | 120000086001 | 1 | 7.25 | N: стар фонд Дата: 01.01.1970 | Нотни издания | |
| Не е изгубен | Universal Decimal Classification | Не е повреден | без рестрикции | ползва се в читалня | 647429 | Регионална библиотека "Любен Каравелов" Русе | Регионална библиотека "Любен Каравелов" Русе | Хранилище | 1970-01-01 | Основен фонд - ползва се само за читалня | 14.17 | 86000 | Цб М II 5078 | 120000086000 | 2 | 7.25 | N: стар фонд Дата: 01.01.1970 | Нотни издания |